000 00659nam a2200265Ia 4500
003 OSt
005 20220912152812.0
006 a|||||r|||| 00| 0
007 ta
008 220909b |||||||| |||| 00| 0 eng d
024 _a33983
037 _cTextual
040 _aCSL
_beng
_cCSL
041 _aeng
082 _aY1:321.3124, L3
100 _aYoung M
245 0 _aSymmetrical family: A study of work in the London region
260 _c1973
300 _ap.
_ccm.
650 _a Family
650 _aSociology
700 _a Willmott D
942 _hY1:321.3124, L3
_cTEXL
_2CC
999 _c92325
_d92325